| 000 | 00924nas a2200265 4500 | ||
|---|---|---|---|
| 001 | BR8000096 | ||
| 003 | BR-BrBNA | ||
| 005 | 20231205084057.0 | ||
| 007 | ta | ||
| 008 | 230509b bl.|||p| |||| 00| 00por d | ||
| 040 |
_aBR-BrBNA _bpor _cBiblioteca Nacional de Agricultura |
||
| 041 | _a(Pt) | ||
| 072 | _aE15; F00 | ||
| 100 | 1 | _aDulley, R.D. | |
| 100 | 1 | _aRosolen, J.E. | |
| 245 | 1 | _aSegunda estimativa de custo operacional das culturas da batata da seca, feijao da seca e cana-de-acucar (plantio)1979 [Solanum tuberosum; Phaseolus vulgaris; Saccharum officinarum] | |
| 650 | _aBATATA | ||
| 650 | _aFEIJAO | ||
| 650 | _aCANA DE ACUCAR | ||
| 650 | _aCUSTO OPERACIONAL | ||
| 650 | _aECONOMIA DA PRODUCAO | ||
| 773 | 0 |
_tInformacoes Economicas - Instituto de Economia Agricola (Brazil) _xISSN 0100-4409 _g(Jan 1979), v. 9(1) p. 45-46 _wBR8000096 |
|
| 909 |
_a202311 _bLúcia _c55 _dLúcia Elande |
||
| 942 |
_2AGRIS _n0 _cANA |
||
| 999 |
_c102996 _d102996 |
||